Culture Générale - Série 2001 - Statistiques

Statistiques générales
  • Ce quiz a été pris 202 fois
  • Le résultat moyen est 4 sur 10
Statistiques - réponses
Question Réponse % Correct
Quel anglicisme désigne un tireur isolé et embusqué ? sniper
90%
Quelle était la nationalité du peintre René Magritte (1898-1967) ? belge
88%
Quel pays a sa superficie occupée pour un tiers par le désert de Gobi ? Mongolie
63%
"Air à couplets répétés" ou "Ce que l'on répète continuellement" (sens figuré) - 11 lettres commençant par " r " ritournelle
34%
Tête de rocher voisine des côtes et dangereuse pour la navigation étoc
20%
Maladie psychiatrique provoquant la conviction délirante d'être aimé, connue sous le nom de syndrome de Clérambault érotomanie
18%
Quel mot français désigne un "bunker" ? casemate
16%
Discours religieux prononcé par un pasteur protestant prêche
15%
Quel nom donne-t-on au sucre, qui après avoir été dépuré et liquéfié, s'est cristallisé ? candi
6%
Comment appelait-on la coiffe emblématique des pharaons ? voir photo némès
4%
Aucun quiz correspondant
Distribution des résultats
% des personnes avec chaque résultat
Percentile par nombre de réponses
Votre historique - résultats
Vous n’avez pas pris ce quiz